Southville International School and Colleges
Your cart is empty.
  • Cart
  • Lists
    Public lists Eva Luna New books Lux_list list_1
    Your lists Log in to create your own lists
  • Log in to your account
  • Your cookies
  • Search history
Southville International School and Colleges
  • Advanced search
  • Recent comments
  • Most popular
  • Libraries

Log in to your account

Log in with GOOGLE


If you do not have an external account, but do have a local account, you can still log in:

  1. Home
  2. MARC view: Players :
Normal view MARC view ISBD view

Players : (Record no. 283303)

[ view plain ]
MARC details
000 -LEADER
fixed length control field 00508nam a2200145Ia 4500
008 - FIXED-LENGTH DATA ELEMENTS--GENERAL INFORMATION
fixed length control field 150223s9999 xx 000 0 und d
020 ## - INTERNATIONAL STANDARD BOOK NUMBER
International Standard Book Number 9780224082778
050 ## - LIBRARY OF CONGRESS CALL NUMBER
Classification number GV 706.3
Item number .H313 2009
100 ## - MAIN ENTRY--PERSONAL NAME
Personal name Harris, Tim.
245 ## - TITLE STATEMENT
Title Players :
Remainder of title 250 men, women & animals who crated modern sports /
Statement of responsibility, etc Tim Harris.
260 ## - PUBLICATION, DISTRIBUTION, ETC. (IMPRINT)
Place of publication, distribution, etc Great Britain :
Name of publisher, distributor, etc Yellow Jersey Press,
Date of publication, distribution, etc 2009
300 ## - PHYSICAL DESCRIPTION
Extent 616 pages :
Other physical details Colored, Illustration ;
Dimensions 24 cm.
504 ## - BIBLIOGRAPHY, ETC. NOTE
Bibliography, etc Includes bibliography and Index.
650 ## - SUBJECT ADDED ENTRY--TOPICAL TERM
Topical term or geographic name as entry element Science
General subdivision Sports Players

No items available.

Players :

APA

Harris T., . (2009). Players. Great Britain: Yellow Jersey Press.

Chicago

Harris Tim, . 2009. Players. Great Britain: Yellow Jersey Press.

Harvard

Harris T., . (2009). Players. Great Britain: Yellow Jersey Press.

MLA

Harris Tim, . Players. Great Britain: Yellow Jersey Press. 2009.

  • Print
  • Cite
  • Add to your cart (remove)
  • Save record
    BIBTEX Dublin Core MARCXML MARC (non-Unicode/MARC-8) MARC (Unicode/UTF-8) MARC (Unicode/UTF-8, Standard) MODS (XML) RIS
  • More searches
    Search for this title in:
    Other Libraries (WorldCat) Other Databases (Google Scholar) Online Stores (Bookfinder.com) Open Library (openlibrary.org)

Exporting to Dublin Core...

SOUTHVILLE LIBRARY

Southville International School and Colleges Library

1281 Tropical Ave. Cor. Luxembourg St., BF Homes International, Las Pinas City

Tel. No. 8256374 / 252358 Loc. 117/146

Powered by Koha